[Event "Mumbai Mayors Cup 1st"]
[Site "Mumbai"]
[Date "2008.05.12"]
[Round "2"]
[White "Sitaram, Agarwal"]
[Black "Sahu, Sekhar Chandra"]
[Result "0-1"]
[WhiteElo "1947"]
[BlackElo "2256"]
[PlyCount "92"]
[EventDate "2008.05.11"]
[EventType "swiss"]
[EventRounds "11"]
[EventCountry "IND"]
[SourceTitle "CBM 124 Extra"]
[Source "ChessBase"]
[SourceDate "2008.07.03"]
[SourceVersion "1"]
[SourceVersionDate "2008.07.03"]
[SourceQuality "1"]

1. e4 c5 2. c4 d6 3. g3 Nc6 4. Bg2 g6 5. h3 Bg7 6. Ne2 e5 7. d3 f5 8. Nbc3 Nf6 9. Bg5 h6 10. Bxf6 Bxf6 11. Nd5 Bg7 12. 0-0 0-0 13. Qd2 fxe4 14. dxe4 Nd4 15. Nxd4 cxd4 16. f4 Be6 17. Rf2 Qd7 18. Kh2 Rac8 19. Qd3 exf4 20. Rxf4 Rxf4 21. gxf4 Rf8 22. Rf1 Kh7 23. b3 Qd8 24. b4 Qh4 25. Qg3 Qxg3+ 26. Kxg3 Rc8 27. f5 Be5+ 28. Kg4 gxf5+ 29. exf5 Rg8+ 30. Kf3 Rg3+ 31. Kf2 Bxf5 32. Nf6+ Kg6 33. Ng4 Ra3 34. Bxb7 Rxa2+ 35. Kg1 d3 36. Bd5 Bd4+ 37. Kh1 Rc2 38. Nh2 Bf2 39. Ng4 Bd4 40. Nh2 d2 41. Nf3 Bf2 42. Kg2 Be1 43. Nxd2 Bxd2 44. Kf3 Bxb4 45. Rg1+ Kf6 46. h4 Rh2 0-1

[Event "New Delhi Parsvnath op 5th"]
[Site "New Delhi"]
[Date "2007.01.15"]
[Round "1"]
[White "Sitaram, Agarwal"]
[Black "Drozdovskij, Yuri"]
[Result "0-1"]
[WhiteElo "1950"]
[BlackElo "2562"]
[PlyCount "77"]
[EventDate "2007.01.15"]
[EventType "swiss"]
[EventRounds "10"]
[EventCountry "IND"]
[SourceTitle "CBM 116 Extra"]
[Source "ChessBase"]
[SourceDate "2007.03.07"]
[SourceVersion "1"]
[SourceVersionDate "2007.03.07"]
[SourceQuality "1"]

1. e4 e6 2. c4 d5 3. Nc3 dxe4 4. Nxe4 e5 5. d3 Nc6 6. g3 Bf5 7. Bg2 Bb4+ 8. Kf1 Qd7 9. Be3 0-0-0 10. a3 Be7 11. Ke2 Bg4+ 12. f3 Be6 13. h4 h6 14. b4 Nd4+ 15. Kf2 f5 16. Nc3 Nf6 17. Nge2 Nxe2 18. Kxe2 f4 19. gxf4 Nh5 20. Ne4 Nxf4+ 21. Bxf4 exf4 22. Qd2 g5 23. hxg5 hxg5 24. Qc3 Rh4 25. Rad1 Bf5 26. Rxh4 gxh4 27. Qe5 h3 28. Bh1 Be6 29. Rd2 Rg8 30. Qxf4 Rg1 31. Qh2 Qd4 32. Qf2 Qxf2+ 33. Nxf2 Bh4 34. f4 Bxf2 35. Kxf2 Rxh1 36. Kg3 Rg1+ 37. Kh2 Rf1 38. Kg3 Ra1 39. Rd1 0-1

[Event "Chennai WinTV op 1st"]
[Site "Chennai"]
[Date "2004.01.21"]
[Round "1"]
[White "Sitaram, Agarwal"]
[Black "Ratnakaran, Kantoli"]
[Result "0-1"]
[WhiteElo "1969"]
[BlackElo "2309"]
[PlyCount "98"]
[EventDate "2004.01.21"]
[EventType "swiss"]
[EventRounds "13"]
[EventCountry "IND"]
[SourceTitle "CBM 098 Extra"]
[Source "ChessBase"]
[SourceDate "2004.03.10"]
[SourceVersion "2"]
[SourceVersionDate "2004.03.10"]
[SourceQuality "1"]

1. e4 e6 2. c4 d5 3. cxd5 exd5 4. Nc3 dxe4 5. Nxe4 Nf6 6. Nxf6+ Qxf6 7. Nf3 Be7 8. Be2 0-0 9. 0-0 Nc6 10. a3 Bg4 11. h3 Bh5 12. d4 Bxf3 13. Bxf3 Nxd4 14. Bxb7 Rab8 15. Be3 Rfd8 16. Bxd4 Rxd4 17. Qb3 Bd6 18. Rae1 Rd2 19. Qf3 Rxb2 20. Qxf6 gxf6 21. Bd5 Bxa3 22. Ra1 Bc5 23. Rac1 Bb6 24. Rc6 Kg7 25. Rc3 Rd8 26. Rg3+ Kf8 27. Be4 Rxf2 28. Rxf2 Rd1+ 29. Kh2 Bxf2 30. Rd3 Rxd3 31. Bxd3 h5 32. g3 h4 33. gxh4 Bxh4 34. Kg2 a5 35. Kf3 a4 36. Bc4 Ke7 37. Ke4 a3 38. Kd5 Bf2 39. Ba2 Bg3 40. Kc5 f5 41. Kb4 Bd6+ 42. Kc4 f4 43. Kd3 f5 44. Ke2 Kf6 45. Kf3 Ke5 46. h4 Be7 47. h5 Bg5 48. Ke2 Kd4 49. Be6 c5 0-1